LEADER 00906nam a2200217 i 4500 001 000000138017 003 CaOOAMICUS 005 20060927000000.0 008 060927s1941 it u000 u ita u 013 $a111912 040 $aSeMil$bita 100 1 $aGuarienti, Angelico .$0(OLS)http://semarc/name/89309 245 13$aUn apostolo nella rivoluzione /$cP. Angelico Guarienti. 260 $aAlba :$bIstituto Missionario Pia Società San Paolo,$c(Stampa 1941) 300 $a272 p. ;$c23 cm. 600 14$aLacordaire, Henri-Dominique .$0(OLS)http://semarc/subject/3507 850 $aSeMil 852 $aSeMil$W1$xVenegono$y1$m3J IV 118$j91528$B91528$CSeMilBibl$Z2$F116023 $81 961 $aRecupero: Altro 996 $6245$aUn apostolo nella rivoluzione$9(OLS)http://semarc/title/201714 996 $6260$aAlba :$bIstituto Missionario Pia Società San Paolo$9(OLS)http://semarc/publisher/34512 LEADER 01202nam a2200289 4500 001 000000349608 003 CaOOAMICUS 005 20220406144243.0 008 220314s2020 it 000 u ita r 020 $a978-88-97455-42-4 040 $aSeMil$bita 100 1 $aScalfi, Romano,$c.$0(OLS)http://semarc/name/89208 245 10$aCristo in mezzo a noi /$cRomano Scalfi. 264 1$aSeriate (BG) :$bCasa di matriona - Itaca,$c2020. 300 $a214 p. ;$c21 cm 490 1 $aOmelie e catechesi ;$v1 541 0 $aOmaggio mons. Mario Delpini (3G III 454) 650 4$aScalfi, Romano - Omelie.$0(OLS)http://semarc/subject/51929 830 0$aOmelie e catechesi ;$v1.$0(OLS)http://semarc/title/439212 850 $aSeMil 852 $aSeMil$W1$xVenegono$y1$m3G III 454$j232300$B240661$CSeMilBibl$Z2$F240661 $81 941 1 $a7 961 $aOmaggio mons. Mario Delpini 996 $6020$a978-88-97455-42-4$9(OLS)http://semarc/number/295387 996 $6245$aCristo in mezzo a noi$9(OLS)http://semarc/title/439213 996 $6264$aSeriate (BG) :$bCasa di matriona - Itaca$9(OLS)http://semarc/publisher/60340